| 000 | 01071nam a2200301 a 4500 | ||
|---|---|---|---|
| 999 |
_c20728 _d20728 |
||
| 001 | 4013159 | ||
| 003 | OSt | ||
| 005 | 20210206130050.0 | ||
| 008 | 970313s1996 ii b 001 0 eng | ||
| 010 | _a 96906230 | ||
| 020 | _a8120713362 | ||
| 025 | _aI-E-96-906230; 56-91 | ||
| 040 |
_aDLC _coclc |
||
| 042 | _alcode | ||
| 043 | _aa-ii--- | ||
| 050 | 0 | 0 |
_aDS481.G3 _bM2347 1996 |
| 082 | 0 | 0 |
_a954.035092 _221 _bMAH/G |
| 100 | 1 |
_aMaharajan, M. _9141 |
|
| 245 | 1 | 0 |
_aGandhian Thought : _ba study of tradition and modernity / _cM. Maharajan. |
| 260 |
_aNew Delhi : _bSterling Publishers, _c1996. |
||
| 300 |
_aviii, 164 p. ; _c22 cm. |
||
| 504 | _aIncludes bibliographical references (p. 142]-148) and indexes. | ||
| 520 | _aOn the fundamental ideas of Gandhi's socio-political philosophy. | ||
| 600 | 0 | 0 |
_aGandhi, _cMahatma, _d1869-1948 _xPolitical and social views. |
| 906 |
_a7 _bcbc _corigode _d3 _encip _f19 _gy-gencatlg |
||
| 942 |
_2ddc _cBK _h954.035092 _iMAH/G _k954.035092 _mMAH/G |
||